000 00692nam a2200253 i 4500
001 C2-0331516
003 PPAK
005 20180728131912.0
008 150615s2010 my |||| ||||| | may d
020 _a9789831245811
040 _aPPAK
_beng
_cPPAK
_erda
082 0 4 _a899.233
_223
090 0 0 _a899.233
_bALE
_dG
100 0 _aAleya Aneesa,
_eauthor
245 1 0 _aTanpamu aku rindu
264 1 _aShah Alam, Selangor :
_bGrup Buku Karangkraf Sdn. Bhd. ,
_c2010
300 _a517 pages ;
_c19 cm
336 _2rdacontent
_atext
337 _2rdamedia
_aunmediated
338 _2rdacarrier
_avolume
650 1 0 _aMalay fiction
700 0 _aMazuen Yahaya,
_eeditor
942 _ddc
_cB
999 _c130250
_d130250